[Event "ch-Schachbundesliga 2020"]
[Site "Karlsruhe GER"]
[Date "2020.09.20"]
[Round "7.1"]
[White "Caruana, Fabiano"]
[Black "Mamedyarov, Shakhriyar"]
[Result "1/2-1/2"]
[WhiteElo "2835"]
[BlackElo "2764"]
[EventDate "2020.09.16"]
[Board "1"]
[WhiteTeam "OSG Baden-Baden"]
[BlackTeam "SC Viernheim"]

1. e4 c5 2. Nf3 e6 3. d4 cxd4 4. Nxd4 Nf6 5. Nc3 Nc6 6. a3 Qc7 7. Be2 a6 8.
f4 Nxd4 9. Qxd4 Bc5 10. Qd3 d5 11. exd5 exd5 12. Be3 Bf5 13. Qxf5 Bxe3 14.
Qe5+ Qe7 15. Bf3 Bxf4 16. Qxe7+ Kxe7 17. Nxd5+ Nxd5 18. Bxd5 Be5 19. O-O-O
f6 20. Rd3 Rad8 1/2-1/2

[Event "ch-Schachbundesliga 2020"]
[Site "Karlsruhe GER"]
[Date "2020.09.20"]
[Round "7.1"]
[White "Malakhov, Vladimir"]
[Black "Vachier-Lagrave, Maxime"]
[Result "1/2-1/2"]
[WhiteElo "2669"]
[BlackElo "2778"]
[EventDate "2020.09.16"]
[Board "2"]
[WhiteTeam "SC Viernheim"]
[BlackTeam "OSG Baden-Baden"]

1. e4 c5 2. Nf3 d6 3. Bb5+ Nd7 4. d4 cxd4 5. Qxd4 a6 6. Bxd7+ Bxd7 7. Nc3
Rc8 8. O-O e5 9. Qd3 Qc7 10. a4 Be6 11. Rd1 Nf6 12. Bg5 Nd7 13. Nd2 h6 14.
Be3 Be7 15. Nf1 Nf6 16. Bc1 Qc4 17. Ne3 Qxd3 18. Rxd3 Nd7 19. Nf5 Bxf5 20.
exf5 Nf6 21. Be3 Rc4 22. Rc1 Kd7 23. b3 Rc6 24. Nd5 Nxd5 25. Rxd5 Rc3 26.
Bd2 1/2-1/2

[Event "ch-Schachbundesliga 2020"]
[Site "Karlsruhe GER"]
[Date "2020.09.20"]
[Round "7.1"]
[White "Aronian, Levon"]
[Black "Kryvoruchko, Yuriy"]
[Result "1/2-1/2"]
[WhiteElo "2773"]
[BlackElo "2682"]
[EventDate "2020.09.16"]
[Board "3"]
[WhiteTeam "OSG Baden-Baden"]
[BlackTeam "SC Viernheim"]

1. e4 e5 2. Nf3 Nc6 3. Bc4 Bc5 4. d3 Nf6 5. O-O d6 6. c3 a6 7. a4 Ba7 8.
Na3 h6 9. Nc2 O-O 10. Be3 Re8 11. Bxa7 Rxa7 12. Ne3 Be6 13. Bxe6 Rxe6 14.
Qb3 a5 15. Nd2 Ne7 16. f4 exf4 17. Rxf4 d5 18. Raf1 c6 19. R4f2 b5 20. axb5
Qb6 21. Nf5 1/2-1/2

[Event "ch-Schachbundesliga 2020"]
[Site "Karlsruhe GER"]
[Date "2020.09.20"]
[Round "7.1"]
[White "Korobov, Anton"]
[Black "Rapport, Richard"]
[Result "1/2-1/2"]
[WhiteElo "2688"]
[BlackElo "2760"]
[EventDate "2020.09.16"]
[Board "4"]
[WhiteTeam "SC Viernheim"]
[BlackTeam "OSG Baden-Baden"]

1. d4 Nf6 2. Nf3 d5 3. c4 e6 4. Nc3 Nbd7 5. cxd5 exd5 6. Bf4 c6 7. Qc2 Nh5
8. Bd2 Nhf6 9. g3 Nb6 10. Bg2 Nc4 11. Bf4 Be7 12. Ne5 Nd6 13. O-O Bf5 14.
Qb3 h5 15. Rac1 h4 16. Na4 hxg3 17. Bxg3 Nfe4 18. Bxe4 Bxe4 19. Nc5 Qb6 20.
Qe3 Nf5 21. Qf4 Bxc5 22. dxc5 Qc7 23. f3 Nxg3 24. hxg3 Bh7 25. Rc3 Rc8 26.
Re3 O-O 27. Kf2 f6 28. Nd3 Qa5 29. Qg4 Rce8 30. Rxe8 Rxe8 31. Qd7 Rxe2+ 32.
Kxe2 Bxd3+ 33. Kxd3 Qb5+ 34. Kd2 Qxf1 35. Qe8+ Kh7 36. Qh5+ 1/2-1/2

[Event "ch-Schachbundesliga 2020"]
[Site "Karlsruhe GER"]
[Date "2020.09.20"]
[Round "7.1"]
[White "Adams, Michael"]
[Black "Anton Guijarro, David"]
[Result "1/2-1/2"]
[WhiteElo "2706"]
[BlackElo "2688"]
[EventDate "2020.09.16"]
[Board "5"]
[WhiteTeam "OSG Baden-Baden"]
[BlackTeam "SC Viernheim"]

1. e4 e5 2. Nf3 Nc6 3. Bc4 Bc5 4. c3 Nf6 5. d3 d6 6. O-O a5 7. Re1 O-O 8.
h3 h6 9. Bb5 Ba7 10. Nbd2 Ne7 11. d4 Ng6 12. Bd3 Nh7 13. Nf1 Qf6 14. Ng3
Ng5 15. Nf5 exd4 16. N3xd4 Re8 17. h4 Ne6 18. h5 Nxd4 19. Nxd4 Ne5 20. Be2
Qh4 21. g3 Qxe4 22. Bf4 Qd5 23. Nb5 Qxd1 24. Raxd1 Bb8 25. Kg2 Be6 26. c4
c6 27. Nd4 Bd7 28. g4 Bc7 29. Nf5 Be6 30. b3 Rad8 31. Bf3 Kf8 32. Re3 Bxf5
33. gxf5 Nd7 34. Red3 Bb8 35. Bg3 Nf6 36. a3 Ne4 37. b4 Nxg3 38. fxg3 axb4
39. axb4 Re5 40. g4 Ke7 41. Rb1 Kf6 42. b5 Rc5 43. bxc6 bxc6 44. Rb7 Rc8
45. Rdb3 Bc7 46. Ra3 d5 47. cxd5 cxd5 48. Rd3 Rc2+ 49. Kf1 Ra8 50. Rb1 Ra4
51. Rxd5 Raa2 52. Rd3 Kg5 53. Bd5 Rf2+ 54. Kg1 Rac2 55. Bf3 Bh2+ 56. Kh1
Bb8 57. Ra1 Ba7 58. Bg2 Bc5 59. f6 gxf6 60. Rd5+ Kh4 61. Ra4 Rxg2 62. Rxc5
Rh2+ 63. Kg1 Rcg2+ 64. Kf1 Rxg4 65. Rxg4+ Kxg4 66. Rc7 f5 67. Rxf7 f4 68.
Kg1 Ra2 69. Rg7+ Kf3 70. Rg6 Ra1+ 71. Kh2 Kf2 72. Rxh6 f3 73. Rb6 Ra5 74.
Rb2+ Ke3 75. Rb3+ Kf4 76. Rb4+ Ke3 77. Rb3+ Kf4 78. Rb4+ 1/2-1/2

[Event "ch-Schachbundesliga 2020"]
[Site "Karlsruhe GER"]
[Date "2020.09.20"]
[Round "7.1"]
[White "Amin, Bassem"]
[Black "Vallejo Pons, Francisco"]
[Result "0-1"]
[WhiteElo "2686"]
[BlackElo "2710"]
[EventDate "2020.09.16"]
[Board "6"]
[WhiteTeam "SC Viernheim"]
[BlackTeam "OSG Baden-Baden"]

1. Nf3 d5 2. g3 c6 3. Bg2 Bf5 4. O-O e6 5. d3 Nf6 6. Nbd2 h6 7. b3 Be7 8.
Bb2 O-O 9. c4 Bh7 10. a3 a5 11. Ra2 Nbd7 12. Qa1 Re8 13. Ne5 Nxe5 14. Bxe5
Bd6 15. Rb1 Bxe5 16. Qxe5 Ng4 17. Qf4 Nf6 18. Qe5 Ng4 19. Qd4 Nf6 20. cxd5
e5 21. Qc5 cxd5 22. Qb5 Re6 23. Rc2 Rb6 24. Qa4 Bf5 25. Rc5 Bd7 26. Qh4 g5
27. Qxh6 Ne4 28. Qxb6 Qxb6 29. Nxe4 dxe4 30. Rxe5 exd3 31. Rxg5+ Kf8 32.
exd3 Rc8 33. h4 Rc2 34. Rf1 Rc5 35. Rxc5 Qxc5 36. Bxb7 Qxa3 37. Bd5 Be6 38.
Bc4 Bxc4 39. dxc4 Qxb3 40. Ra1 a4 41. c5 a3 0-1

[Event "ch-Schachbundesliga 2020"]
[Site "Karlsruhe GER"]
[Date "2020.09.20"]
[Round "7.1"]
[White "Fedorchuk, Sergey A."]
[Black "Bacrot, Etienne"]
[Result "1-0"]
[WhiteElo "2615"]
[BlackElo "2673"]
[EventDate "2020.09.16"]
[Board "8"]
[WhiteTeam "SC Viernheim"]
[BlackTeam "OSG Baden-Baden"]

1. e4 e5 2. Bc4 Nf6 3. d3 c6 4. Nf3 d5 5. Bb3 Bb4+ 6. Bd2 Bxd2+ 7. Nbxd2 a5
8. c3 Bg4 9. h3 Bxf3 10. Nxf3 Nbd7 11. exd5 cxd5 12. O-O Qc7 13. Re1 O-O
14. Re3 e4 15. Nd4 Nc5 16. Bc2 a4 17. Qd2 Qf4 18. Rd1 Rfd8 19. Qe1 Qc7 20.
Qd2 Qf4 21. f3 Qh4 22. Nf5 Qf4 23. dxe4 g6 24. e5 Nh5 25. Nd6 Nd7 26. Nxf7
Kxf7 27. e6+ Kg7 28. exd7 Rxd7 29. a3 Qg5 30. Qd4+ Kh6 31. Qe5 Ra6 32. Rd4
1-0

[Event "ch-Schachbundesliga 2020"]
[Site "Karlsruhe GER"]
[Date "2020.09.20"]
[Round "7.2"]
[White "Tari, Aryan"]
[Black "Heimann, Andreas"]
[Result "1/2-1/2"]
[WhiteElo "2630"]
[BlackElo "2617"]
[EventDate "2020.09.16"]
[Board "2"]
[WhiteTeam "SG Solingen"]
[BlackTeam "Schachfreunde Deizisau"]

1. e4 e5 2. Nf3 Nc6 3. d4 exd4 4. Nxd4 Nf6 5. Nxc6 bxc6 6. e5 Qe7 7. Qe2
Nd5 8. h4 d6 9. c4 Nb6 10. exd6 Qxe2+ 11. Bxe2 cxd6 12. Nc3 Be6 13. b3 Be7
14. Bb2 O-O 15. O-O-O d5 16. cxd5 Nxd5 17. Nxd5 Bxd5 18. Rh3 Rfe8 19. Bc4
Bxc4 20. bxc4 Bc5 21. Bd4 Re4 22. Rhd3 Bf8 23. g3 c5 24. Bc3 Rxc4 25. Kc2
Ra4 26. Kb3 Ra6 27. Rd8 Rxd8 28. Rxd8 f6 29. Rc8 Kf7 30. a4 Be7 1/2-1/2

[Event "ch-Schachbundesliga 2020"]
[Site "Karlsruhe GER"]
[Date "2020.09.20"]
[Round "7.2"]
[White "Meier, Georg"]
[Black "Van Foreest, Jorden"]
[Result "1/2-1/2"]
[WhiteElo "2622"]
[BlackElo "2682"]
[EventDate "2020.09.16"]
[Board "3"]
[WhiteTeam "Schachfreunde Deizisau"]
[BlackTeam "SG Solingen"]

1. Nf3 Nf6 2. g3 g6 3. Bg2 Bg7 4. O-O O-O 5. d4 d6 6. a4 a5 7. Nbd2 Nc6 8.
e4 e5 9. dxe5 Nxe5 10. Nxe5 dxe5 11. Nc4 Qe7 12. b3 Rd8 13. Ba3 Rxd1 14.
Bxe7 Rxa1 15. Rxa1 Be6 16. Rd1 Bxc4 17. bxc4 Ne8 18. Rd7 Bf8 19. Bd8 Ra6
20. Bxc7 Nxc7 21. Rxc7 Rc6 22. Rxc6 1/2-1/2

[Event "ch-Schachbundesliga 2020"]
[Site "Karlsruhe GER"]
[Date "2020.09.20"]
[Round "7.2"]
[White "Andersen, Mads"]
[Black "Bluebaum, Matthias"]
[Result "1/2-1/2"]
[WhiteElo "2585"]
[BlackElo "2660"]
[EventDate "2020.09.16"]
[Board "4"]
[WhiteTeam "SG Solingen"]
[BlackTeam "Schachfreunde Deizisau"]

1. d4 Nf6 2. c4 e6 3. Nf3 d5 4. g3 Bb4+ 5. Bd2 a5 6. Bg2 O-O 7. Qc2 c5 8.
cxd5 cxd4 9. Nxd4 Qb6 10. e3 exd5 11. O-O Nc6 12. Nxc6 bxc6 13. Rc1 Rb8 14.
Nc3 h5 15. a3 Be7 16. Na4 Qc7 17. Nc5 h4 18. e4 Rb5 19. Be3 Ng4 20. Bf4 Bd6
21. Nd3 Bxf4 22. Nxf4 Qb6 23. Rab1 dxe4 24. Bxe4 Re5 25. Re1 Rxe4 26. Rxe4
Bf5 27. Nh3 hxg3 28. hxg3 c5 29. Qe2 Nf6 30. Ng5 Nxe4 31. Nxe4 c4 32. Qxc4
Rd8 33. Re1 Qxb2 34. Qc7 Ra8 35. Nd6 Be6 36. Rxe6 Qb1+ 37. Kg2 fxe6 38.
Qf7+ Kh7 39. Qh5+ Kg8 40. Qf7+ Kh7 1/2-1/2

[Event "ch-Schachbundesliga 2020"]
[Site "Karlsruhe GER"]
[Date "2020.09.20"]
[Round "7.2"]
[White "Donchenko, Alexander"]
[Black "Van Wely, Loek"]
[Result "1-0"]
[WhiteElo "2654"]
[BlackElo "2615"]
[EventDate "2020.09.16"]
[Board "5"]
[WhiteTeam "Schachfreunde Deizisau"]
[BlackTeam "SG Solingen"]

1. Nf3 d5 2. d4 Nf6 3. c4 c6 4. e3 Bg4 5. Qb3 Qb6 6. Ne5 e6 7. Nxg4 Nxg4 8.
Nc3 Nd7 9. Bd2 g6 10. Be2 Ngf6 11. O-O Bg7 12. Qa3 a5 13. Rfc1 Bf8 14. Qb3
Qxb3 15. axb3 Bb4 16. Be1 Ke7 17. f3 Rhd8 18. Bh4 h6 19. Rc2 g5 20. Bf2
dxc4 21. bxc4 e5 22. Bf1 exd4 23. exd4 Nf8 24. Ne2 Nh5 25. g4 Ng7 26. f4
gxf4 27. Nxf4 Nfe6 28. Ne2 h5 29. h3 hxg4 30. hxg4 Ne8 31. Bh4+ f6 32. Bf2
Nd6 33. d5 cxd5 34. cxd5 Ng5 35. Nd4 Rac8 36. Re2+ Kf7 37. Ne6 Nxe6 38.
dxe6+ Ke7 39. Bg2 Rg8 40. Bf3 b5 41. Kg2 a4 42. Rh1 Rg7 43. Rh5 Rc4 44. Bb6
Rc8 45. Bf2 Rc4 46. Be3 a3 47. bxa3 Bxa3 48. Bh6 Rg6 49. Bd2 Rg7 50. Be3
Bc1 51. Bc5 Bg5 52. Bb6 Bf4 53. Bd5 Rc3 54. Ra2 Nc8 55. Ba5 Rg3+ 56. Kf2
R3xg4 57. Rc2 R4g5 58. Bb4+ Kd8 59. Rh8+ Rg8 60. Rxg8+ Rxg8 61. e7+ 1-0

[Event "ch-Schachbundesliga 2020"]
[Site "Karlsruhe GER"]
[Date "2020.09.20"]
[Round "7.2"]
[White "Smeets, Jan"]
[Black "Keymer, Vincent"]
[Result "0-1"]
[WhiteElo "2585"]
[BlackElo "2568"]
[EventDate "2020.09.16"]
[Board "6"]
[WhiteTeam "SG Solingen"]
[BlackTeam "Schachfreunde Deizisau"]

1. e4 c5 2. Nf3 d6 3. Bb5+ Nd7 4. O-O a6 5. Bd3 Ngf6 6. Re1 e6 7. Bf1 b6 8.
d3 Bb7 9. Nbd2 Be7 10. c3 b5 11. d4 O-O 12. h3 Qb6 13. Bd3 Rfc8 14. Nf1 Bf8
15. Ng3 g6 16. Be3 b4 17. cxb4 cxd4 18. Nxd4 Qxb4 19. a3 Qa5 20. b4 Qd8 21.
Nb3 d5 22. Na5 Rcb8 23. Bf4 e5 24. Bd2 d4 25. Rc1 Bd6 26. Qf3 Bc7 27. Nxb7
Rxb7 28. Rc6 Rb6 29. Rec1 Bd6 30. Nf1 Rxc6 31. Rxc6 Nb8 32. Rc2 Nbd7 33.
Rc6 Nb8 34. Rc2 Nbd7 35. Bc4 Qe7 36. Nh2 Kg7 37. Ng4 Ng8 38. Nh2 Ngf6 39.
Ng4 Ng8 40. Qd3 h5 41. Nh2 a5 42. Bd5 Ra7 43. bxa5 Ngf6 44. Bc6 Nc5 45. Qb5
Ncxe4 46. Nf3 Nxd2 47. Rxd2 Bc7 48. a6 Qxa3 49. Bb7 e4 50. Nh2 e3 51. Rd1
exf2+ 52. Kh1 Bxh2 53. Kxh2 Qd6+ 54. g3 h4 55. Qg5 Rxa6 56. Bxa6 Qxa6 57.
Kg2 Qc6+ 58. Kh2 Qf3 59. Rf1 Ne4 60. Qxh4 d3 61. Qf4 Qxf4 62. gxf4 d2 0-1

[Event "ch-Schachbundesliga 2020"]
[Site "Karlsruhe GER"]
[Date "2020.09.20"]
[Round "7.2"]
[White "Kollars, Dmitrij"]
[Black "Naumann, Alexander"]
[Result "1-0"]
[WhiteElo "2585"]
[BlackElo "2539"]
[EventDate "2020.09.16"]
[Board "7"]
[WhiteTeam "Schachfreunde Deizisau"]
[BlackTeam "SG Solingen"]

1. e4 c5 2. Nf3 e6 3. d4 cxd4 4. Nxd4 Nc6 5. Nc3 Qc7 6. Be3 a6 7. a3 b5 8.
Nxc6 Qxc6 9. Be2 Bb7 10. O-O Bc5 11. Bd4 f6 12. Bxb5 axb5 13. Qh5+ g6 14.
Qxc5 Qxc5 15. Bxc5 Bc6 16. Rad1 Ne7 17. Rd4 Kf7 18. Rfd1 Rhc8 19. f3 g5 20.
Bd6 Ra7 21. Na2 Ng6 22. Nb4 Ba8 23. Kf2 h5 24. c3 Ke8 25. Ke3 Nh8 26. h4 g4
27. fxg4 hxg4 28. Rf1 Nf7 29. Rxf6 Nxd6 30. Rxd6 Ke7 31. e5 Bxg2 32. Rg6
Rc4 33. Rd4 Rxd4 34. cxd4 Bf3 35. Nd3 Kf7 36. Rf6+ Kg7 37. h5 Ra8 38. Kf4
Be2 39. Nf2 Ra4 40. Ke3 Bf3 41. Nxg4 Bxg4 42. Rg6+ Kh7 43. Rxg4 Kh6 44. Kd3
Kxh5 45. Rg7 Ra7 46. d5 Kh6 47. Re7 exd5 48. e6 1-0

[Event "ch-Schachbundesliga 2020"]
[Site "Karlsruhe GER"]
[Date "2020.09.20"]
[Round "7.2"]
[White "Wegerle, Joerg"]
[Black "Kozul, Zdenko"]
[Result "0-1"]
[WhiteElo "2401"]
[BlackElo "2597"]
[EventDate "2020.09.16"]
[Board "8"]
[WhiteTeam "SG Solingen"]
[BlackTeam "Schachfreunde Deizisau"]

1. e4 c5 2. c3 Nf6 3. e5 Nd5 4. d4 cxd4 5. Nf3 Nc6 6. cxd4 d6 7. Bc4 e6 8.
O-O Be7 9. Qe2 O-O 10. Rd1 a6 11. Bd2 b5 12. Bb3 dxe5 13. dxe5 Bb7 14. Bxd5
Qxd5 15. Bb4 Qc4 16. Qxc4 bxc4 17. Bxe7 Nxe7 18. Na3 c3 19. bxc3 Bxf3 20.
gxf3 Rfc8 21. Rd3 Ng6 22. Re1 Rc5 23. Re4 Nxe5 24. Rde3 Ng6 25. Ra4 Rd8 26.
Nc2 Rd1+ 27. Ne1 a5 28. Kf1 h6 29. Ke2 Rb1 30. f4 Rb2+ 31. Kf1 Rf5 0-1

[Event "ch-Schachbundesliga 2020"]
[Site "Karlsruhe GER"]
[Date "2020.09.20"]
[Round "7.3"]
[White "Gumularz, Szymon"]
[Black "Fressinet, Laurent"]
[Result "0-1"]
[WhiteElo "2518"]
[BlackElo "2635"]
[EventDate "2020.09.16"]
[Board "1"]
[WhiteTeam "SF Berlin"]
[BlackTeam "SV Werder Bremen"]

1. d4 Nf6 2. c4 e6 3. Nc3 Bb4 4. e3 d5 5. Nf3 O-O 6. Bd3 b6 7. O-O Ba6 8.
cxd5 exd5 9. Bxa6 Nxa6 10. Bd2 Re8 11. Rc1 Bf8 12. Ne5 c5 13. Be1 Nc7 14.
f4 Ne4 15. Qh5 g6 16. Qh3 f6 17. Bh4 Nxc3 18. bxc3 Bg7 19. Ng4 h5 20. Ne5
Qc8 21. Qxc8 Raxc8 22. Nxg6 Nb5 23. Bf2 Kf7 24. Nh4 cxd4 25. cxd4 Bf8 26.
g3 Nc3 27. Rc2 Rc4 28. Kg2 Rec8 29. Re1 b5 30. Nf3 Ne4 31. Rb2 b4 32. Ree2
a5 33. Nd2 Nxd2 34. Rexd2 a4 35. Kf3 Rc1 36. Ke2 a3 37. Rb3 R8c3 38. Rxc3
bxc3 39. Rd1 Rc2+ 40. Kf3 Rxa2 41. Be1 Rc2 42. Ra1 f5 43. Rb1 a2 44. Rb7+
Ke8 45. Ra7 Bb4 0-1

[Event "ch-Schachbundesliga 2020"]
[Site "Karlsruhe GER"]
[Date "2020.09.20"]
[Round "7.3"]
[White "McShane, Luke J"]
[Black "Baldauf, Marco"]
[Result "1/2-1/2"]
[WhiteElo "2680"]
[BlackElo "2503"]
[EventDate "2020.09.16"]
[Board "2"]
[WhiteTeam "SV Werder Bremen"]
[BlackTeam "SF Berlin"]

1. e4 c6 2. Nf3 d5 3. Nc3 dxe4 4. Nxe4 Nf6 5. Qe2 Nxe4 6. Qxe4 Nd7 7. Bc4
Nf6 8. Qe2 Bf5 9. Ne5 e6 10. g4 Bg6 11. f4 Nd7 12. Nf3 Be7 13. d4 h5 14. g5
Bf5 15. Nh4 Nb6 16. Bb3 g6 17. Nxf5 exf5 18. Bd2 O-O 19. O-O-O Re8 20. Qf2
a5 21. a3 Bf8 22. Rhe1 Rxe1 23. Qxe1 a4 24. Ba2 Nd5 25. Qe2 Qd7 26. Re1 Bg7
27. c3 b5 28. Kb1 Qd6 29. Qf1 Rb8 30. Bc1 Rd8 31. Re2 1/2-1/2

[Event "ch-Schachbundesliga 2020"]
[Site "Karlsruhe GER"]
[Date "2020.09.20"]
[Round "7.3"]
[White "Sprenger, Jan Michael"]
[Black "Areshchenko, Alexander"]
[Result "1/2-1/2"]
[WhiteElo "2482"]
[BlackElo "2678"]
[EventDate "2020.09.16"]
[Board "3"]
[WhiteTeam "SF Berlin"]
[BlackTeam "SV Werder Bremen"]

1. e4 c5 2. Nf3 d6 3. d4 cxd4 4. Nxd4 Nf6 5. Nc3 a6 6. Be2 e5 7. Nb3 Be7 8.
Bg5 Be6 9. Bxf6 Bxf6 10. Qd3 O-O 11. O-O-O Be7 12. Nd5 Bxd5 13. Qxd5 Qc7
14. Kb1 Nd7 15. Nd2 b5 16. Nf1 Nf6 17. Qd3 d5 18. exd5 Rad8 19. Bf3 Rfe8
20. Nd2 g6 21. g4 e4 22. Nxe4 Nxd5 23. h4 Nf6 24. Nxf6+ Bxf6 25. Bd5 Rd7
26. g5 Bg7 27. Rhe1 Red8 28. Qf3 b4 29. Rd3 a5 30. Qe4 a4 31. f4 Rc8 32.
Bc4 Rxd3 33. cxd3 a3 34. b3 Rf8 35. Kc2 Qc5 36. Re3 Bd4 37. Rf3 Bg7 38. f5
gxf5 39. Rxf5 Qc7 40. Qf4 Qe7 41. d4 Kh8 42. Rxf7 Rxf7 43. Qxf7 Qxf7 44.
Bxf7 Bxd4 1/2-1/2

[Event "ch-Schachbundesliga 2020"]
[Site "Karlsruhe GER"]
[Date "2020.09.20"]
[Round "7.3"]
[White "Efimenko, Zahar"]
[Black "Blohberger, Felix"]
[Result "1-0"]
[WhiteElo "2602"]
[BlackElo "2467"]
[EventDate "2020.09.16"]
[Board "4"]
[WhiteTeam "SV Werder Bremen"]
[BlackTeam "SF Berlin"]

1. Nf3 c5 2. e3 Nf6 3. d4 e6 4. Bd3 b6 5. c4 Bb7 6. Nc3 cxd4 7. exd4 Bb4 8.
O-O O-O 9. Bg5 Bxc3 10. bxc3 h6 11. Bh4 d6 12. Nd2 Nbd7 13. Ne4 Bxe4 14.
Bxe4 Rc8 15. Bd3 Qc7 16. Rc1 Qc6 17. Re1 Rfe8 18. Qb3 Qc7 19. f3 Nh7 20. a4
Nb8 21. Bg3 Nf6 22. Qb5 Nfd7 23. a5 Nc6 24. axb6 axb6 25. Ra1 e5 26. Be4
Nf6 27. Bf5 Ra8 28. Bf2 g6 29. Bd3 Nd7 30. Be4 Rxa1 31. Rxa1 Na5 32. c5 Rc8
33. cxb6 Qxc3 34. Qxa5 Qxa5 35. Rxa5 Rc1+ 36. Be1 Rxe1+ 37. Kf2 Rxe4 38.
fxe4 Nxb6 39. dxe5 dxe5 40. Rxe5 Kg7 41. Rc5 Nd7 42. Rb5 Kf6 43. Ke3 Nf8
44. Kd4 Ne6+ 45. Kc4 Nf4 46. g3 Ne6 47. Ra5 Ng5 48. Kd5 Nf3 49. h4 h5 50.
Ra2 g5 51. Ra6+ Kg7 52. hxg5 Nxg5 53. Ke5 h4 54. Kf5 Nf3 55. Kf4 1-0

[Event "ch-Schachbundesliga 2020"]
[Site "Karlsruhe GER"]
[Date "2020.09.20"]
[Round "7.3"]
[White "Jakubowski, Krzysztof"]
[Black "Spoelman, Wouter"]
[Result "1-0"]
[WhiteElo "2481"]
[BlackElo "2571"]
[EventDate "2020.09.16"]
[Board "5"]
[WhiteTeam "SF Berlin"]
[BlackTeam "SV Werder Bremen"]

1. e4 c5 2. Nf3 d6 3. d4 cxd4 4. Nxd4 Nf6 5. Nc3 a6 6. Be3 e5 7. Nb3 Be6 8.
h3 Be7 9. Qf3 O-O 10. O-O-O b5 11. g4 b4 12. Nd5 Nxd5 13. exd5 Bc8 14. Bd3
a5 15. Nd2 Nd7 16. Kb1 Ba6 17. Bxa6 Rxa6 18. Ne4 a4 19. g5 Qc7 20. Rd3 f5
21. gxf6 Nxf6 22. Rg1 Kh8 23. Ng5 Rc8 24. Rc1 Qd7 25. Qg2 g6 26. f4 exf4
27. Bxf4 Qf5 28. Rf1 Qd7 29. Bd2 Kg8 30. Nxh7 Kxh7 31. Qg5 Kg7 32. Rg3 Ng4
33. Qxg4 Qxg4 34. Rxg4 Ra5 35. Rfg1 Bf6 36. Rxg6+ Kf7 37. Rh6 Rxd5 38. Bxb4
Rg8 39. Rh7+ Ke6 40. Re1+ Re5 41. Rd1 Rd5 42. Rc1 Rg2 43. a3 Rf5 44. Ra7
Rf3 45. Ra6 Be5 46. Bxd6 Bxd6 47. Rd1 Rxh3 48. Raxd6+ Ke7 49. R6d4 Rhh2 50.
Rc1 1-0

[Event "ch-Schachbundesliga 2020"]
[Site "Karlsruhe GER"]
[Date "2020.09.20"]
[Round "7.3"]
[White "Werle, Jan"]
[Black "Schmidek, Emil"]
[Result "1/2-1/2"]
[WhiteElo "2580"]
[BlackElo "2395"]
[EventDate "2020.09.16"]
[Board "6"]
[WhiteTeam "SV Werder Bremen"]
[BlackTeam "SF Berlin"]

1. d4 d5 2. c4 e6 3. Nf3 Nf6 4. Nc3 a6 5. cxd5 exd5 6. Bg5 Be6 7. e3 Nbd7
8. Bd3 h6 9. Bh4 g5 10. Bg3 Nh5 11. Qc2 Nxg3 12. hxg3 Bg7 13. Bf5 Qf6 14.
g4 O-O-O 15. Nd2 h5 16. Rc1 c6 17. Bxe6 Qxe6 18. gxh5 Bxd4 19. Ne2 Bb6 20.
Ng3 d4 21. e4 d3 22. Qc3 Qg4 23. Nc4 1/2-1/2

[Event "ch-Schachbundesliga 2020"]
[Site "Karlsruhe GER"]
[Date "2020.09.20"]
[Round "7.4"]
[White "Bogner, Sebastian"]
[Black "Koch, Thomas"]
[Result "1/2-1/2"]
[WhiteElo "2571"]
[BlackElo "2461"]
[EventDate "2020.09.16"]
[Board "1"]
[WhiteTeam "FC Bayern Muenchen"]
[BlackTeam "Aachener SV"]

1. d4 Nf6 2. c4 e6 3. g3 c5 4. d5 exd5 5. cxd5 d6 6. Nc3 g6 7. Bg2 Bg7 8.
Nf3 O-O 9. O-O Na6 10. Nd2 Nc7 11. a4 b6 12. Nc4 Ba6 13. Na3 Qd7 14. Re1
Ng4 15. h3 Ne5 16. Qb3 Qe7 17. Bd2 g5 18. Ne4 h6 19. f4 f5 20. Nf2 gxf4 21.
gxf4 Ng6 22. e4 Qh4 23. e5 Nxf4 24. exd6 Nxg2 25. Kxg2 Rf6 26. Qf3 Rxd6 27.
Bf4 Bb7 28. Rad1 Bd4 29. Rxd4 cxd4 30. Bxd6 Bxd5 31. Bxc7 Bxf3+ 32. Kxf3
Kf7 33. Nc4 Rg8 34. Ne5+ Kg7 35. Ned3 Kh7 36. Ke2 Re8+ 37. Be5 Qd8 38. Kd2
Qd5 39. Kc2 Qc4+ 40. Kb1 Qxa4 41. Rc1 Re7 42. Rc8 Kg6 1/2-1/2

[Event "ch-Schachbundesliga 2020"]
[Site "Karlsruhe GER"]
[Date "2020.09.20"]
[Round "7.4"]
[White "Vandenbussche, Thibaut"]
[Black "Studer, Noel"]
[Result "0-1"]
[WhiteElo "2435"]
[BlackElo "2573"]
[EventDate "2020.09.16"]
[Board "2"]
[WhiteTeam "Aachener SV"]
[BlackTeam "FC Bayern Muenchen"]

1. e4 c5 2. Nf3 Nc6 3. Bb5 g6 4. O-O Bg7 5. c3 Nf6 6. Re1 O-O 7. h3 Qb6 8.
Na3 Rd8 9. d4 cxd4 10. cxd4 d5 11. e5 Ne8 12. Bxc6 bxc6 13. Nc2 Nc7 14. b3
Ne6 15. Ba3 Rd7 16. Qd2 a5 17. Qc3 Ba6 18. g3 Bb5 19. h4 h6 20. Re3 Qa6 21.
Nce1 a4 22. Nd3 axb3 23. axb3 Qc8 24. Bc5 Rxa1+ 25. Qxa1 Rb7 26. Qa3 Bf8
27. Kg2 g5 28. hxg5 hxg5 29. Qc1 g4 30. Nh2 Bh6 31. Nxg4 Bxe3 32. Qxe3 Bxd3
33. Bxe7 Rxe7 34. Nf6+ Kg7 35. Nh5+ Kf8 36. Nf6 Ra7 37. Qh6+ Ke7 38. Qh4
Qd8 39. Nxd5+ Kd7 40. Nf6+ Kc7 41. d5 cxd5 42. Qb4 d4 0-1

[Event "ch-Schachbundesliga 2020"]
[Site "Karlsruhe GER"]
[Date "2020.09.20"]
[Round "7.4"]
[White "Klein, Felix"]
[Black "Fedorovsky, Michael"]
[Result "1-0"]
[WhiteElo "2307"]
[BlackElo "2422"]
[EventDate "2020.09.16"]
[Board "4"]
[WhiteTeam "Aachener SV"]
[BlackTeam "FC Bayern Muenchen"]

1. e4 c5 2. Nf3 Nc6 3. d4 cxd4 4. Nxd4 Nf6 5. Nc3 e5 6. Ndb5 d6 7. Bg5 a6
8. Na3 b5 9. Nd5 Be7 10. Bxf6 Bxf6 11. c3 Ne7 12. Nxe7 Bxe7 13. Nc2 O-O 14.
Nb4 Bb7 15. Nd5 f5 16. exf5 Rxf5 17. Be2 e4 18. Ne3 Re5 19. O-O d5 20. a4
b4 21. Qd4 Bd6 22. c4 Qe7 23. cxd5 Bc5 24. Qd2 Bxe3 25. Qxe3 Bxd5 26. Rfd1
Kh8 27. Rac1 a5 28. Bc4 Bxc4 29. Rxc4 h6 30. Rcd4 Rc8 31. h3 Kh7 32. Rd7
Qg5 33. Qa7 Rce8 34. Re1 R8e7 35. Rxe7 Qxe7 36. Qd4 Qc5 37. Qxc5 Rxc5 38.
Rxe4 Rc1+ 39. Kh2 Rc2 40. f3 Rxb2 41. Re5 Ra2 42. Rxa5 g5 43. Ra7+ Kg6 44.
a5 b3 45. Rb7 b2 46. a6 Rxa6 47. Rxb2 Ra4 48. Rb6+ Kg7 49. Re6 Rb4 50. Re4
Rb2 51. h4 gxh4 52. Rxh4 Ra2 53. Rb4 Kg6 54. Rb5 Rc2 55. Kh3 Rc4 56. g4 Ra4
57. Kg3 Rc4 58. Rb6+ Kg7 59. f4 Rc1 60. Kf3 Ra1 61. Ke4 Ra4+ 62. Kf5 Ra5+
63. Ke6 Ra4 64. Rb7+ Kg8 65. Kf5 Ra6 66. Re7 Ra5+ 67. Kg6 Ra6+ 68. Kh5 Ra4
69. f5 Rb4 70. Re6 Kg7 71. Rxh6 Rxg4 72. f6+ 1-0